Southville International School and Colleges
Your cart is empty.
  • Cart
  • Lists
    Public lists Eva Luna New books Lux_list list_1
    Your lists Log in to create your own lists
  • Log in to your account
  • Your cookies
  • Search history
Southville International School and Colleges
  • Advanced search
  • Recent comments
  • Most popular
  • Libraries

Log in to your account

Log in with GOOGLE


If you do not have an external account, but do have a local account, you can still log in:

  1. Home
  2. MARC view: Wuthering Heights /
Normal view MARC view ISBD view

Wuthering Heights / (Record no. 20895)

[ view plain ]
MARC details
000 -LEADER
fixed length control field 00436nam a2200169 a 4500
005 - DATE AND TIME OF LATEST TRANSACTION
control field 20140310183258.0
008 - FIXED-LENGTH DATA ELEMENTS--GENERAL INFORMATION
fixed length control field 970101s19uu xx 00 eng d
020 ## - INTERNATIONAL STANDARD BOOK NUMBER
International Standard Book Number 0140620125
050 ## - LIBRARY OF CONGRESS CALL NUMBER
Classification number PR 4165
Item number .B869 2004
100 ## - MAIN ENTRY--PERSONAL NAME
Personal name Bronte, Emily
245 ## - TITLE STATEMENT
Title Wuthering Heights /
Statement of responsibility, etc Emily Bronte.
260 ## - PUBLICATION, DISTRIBUTION, ETC. (IMPRINT)
Place of publication, distribution, etc New York :
Name of publisher, distributor, etc Penguin Books,
Date of publication, distribution, etc 1994.
300 ## - PHYSICAL DESCRIPTION
Extent 279 p. :
Dimensions 18 cm.
650 ## - SUBJECT ADDED ENTRY--TOPICAL TERM
Topical term or geographic name as entry element Classics
942 ## - ADDED ENTRY ELEMENTS (KOHA)
Koha item type Books
Source of classification or shelving scheme Library of Congress Classification
Holdings
Withdrawn status Lost status Source of classification or shelving scheme Damaged status Home library Current library Shelving location Date acquired Source of acquisition Cost, normal purchase price Total Checkouts Total Renewals Full call number Barcode Date last seen Date checked out Copy number Price effective from Koha item type
    Library of Congress Classification   College Library College Library Fiction Section 11/29/2002   55.75 3 28 PR 4165 .B869 2004 C5640 05/04/2023 03/29/2023 1 10/10/2013 Books

Wuthering Heights /

APA

Bronte E., . (1994). Wuthering Heights. New York: Penguin Books.

Chicago

Bronte Emily, . 1994. Wuthering Heights. New York: Penguin Books.

Harvard

Bronte E., . (1994). Wuthering Heights. New York: Penguin Books.

MLA

Bronte Emily, . Wuthering Heights. New York: Penguin Books. 1994.

  • Place hold
  • Print
  • Cite
  • Add to your cart (remove)
  • Save record
    BIBTEX Dublin Core MARCXML MARC (non-Unicode/MARC-8) MARC (Unicode/UTF-8) MARC (Unicode/UTF-8, Standard) MODS (XML) RIS
  • More searches
    Search for this title in:
    Other Libraries (WorldCat) Other Databases (Google Scholar) Online Stores (Bookfinder.com) Open Library (openlibrary.org)

Exporting to Dublin Core...

SOUTHVILLE LIBRARY

Southville International School and Colleges Library

1281 Tropical Ave. Cor. Luxembourg St., BF Homes International, Las Pinas City

Tel. No. 8256374 / 252358 Loc. 117/146

Powered by Koha